000 00684nam a22001937i 4500
999 _c23623
_d23623
003 AR-CdUCM
008 260422b20232023 pe||||| |||| 00| 0 spa d
020 _a978-612-5013-28-6
040 _aMUNICIPALIDAD PROVINCIAL DEL CUSCO
_cBIBLIOTECA MUNICIPAL DEL CUSCO
041 _hspa
082 _a869.57
_bC12
100 _aCabello de Carbonera, Mercedes
_952652
245 _aEleodora - Las consecuencias /
_cEdición critica de Mónica Cárdenas Moreno
260 _aLima-Perú :
_bEdiciones MyL S.A.C.
_c2023
300 _a235 páginas. :
_c24x17 cm.
505 _aEleodora o la muerta viviente -- principales ensayos de la autora
942 _2ddc
_cLIBROS
945 _apbjr
_d22-04-2026